| 000 | 00876nam a2200265Ia 4500 | ||
|---|---|---|---|
| 003 | OSt | ||
| 005 | 20221007121214.0 | ||
| 006 | a|||||r|||| 00| 0 | ||
| 007 | ta | ||
| 008 | 221006b |||||||| |||| 00| 0 eng d | ||
| 020 | _a9781926692647 (hbk) | ||
| 024 | _a166863 | ||
| 037 |
_b2754, 26/12/2011, Insat Books & Periodicals _cTextual |
||
| 040 |
_aBDL _cBDL _beng |
||
| 041 |
_2eng _aeng |
||
| 082 | _aI5:67, Q1;1 Carb | ||
| 100 |
_aStewart Philip Ed. _9710825 |
||
| 245 | 0 |
_aReproductive physiology in plants _b Globig Sabine Ed. |
|
| 260 |
_aOakville _bApple academic press _c2011 |
||
| 300 |
_a342p. _ccm. |
||
| 500 | _aIndex 320-342p. | ||
| 700 |
_a Globig Sabine Ed. _9710828 |
||
| 942 |
_hI5:67, Q1;1 Carb _cTEXL _2CC |
||
| 999 |
_c1208554 _d1208554 |
||